عرض عادي
عرض مارك
- تاريخ الباكستان
دخول Topical Term
001 - CONTROL NUMBER
- control field: 25575
003 - CONTROL NUMBER IDENTIFIER
- control field: AE-AdECS
005 - DATE AND TIME OF LATEST TRANSACTION
- control field: 20260123091229.0
008 - FIXED-LENGTH DATA ELEMENTS
- fixed length control field: 260123|| aca||aabn | a|a d
040 ## - CATALOGING SOURCE
- Original cataloging agency: AE-AdECS
- Transcribing agency: AE-AdECS
150 ## - HEADING--TOPICAL TERM
- Topical term or geographic name entry element: تاريخ الباكستان
670 ## - SOURCE DATA FOUND
- Source citation: Work cat.: (AE-AdECS)293886: العقاد، عباس محمود، مؤلف. 14535, القائد الأعظم محمد علي جناح /
